| 000 | 01039nam a2200241 a 4500 | ||
|---|---|---|---|
| 999 |
_c11438 _d11438 |
||
| 001 | 11438 | ||
| 003 | BD-JhCC | ||
| 005 | 20211007134021.0 | ||
| 008 | 190916s20142019bg a|||| ||a| 000 0 ben d | ||
| 035 | _a(BD-JhCC)11438 | ||
| 040 |
_aBD-JhCC _dBD-JhCC |
||
| 041 | _aben | ||
| 082 |
_bPAT 2019 _a954 |
||
| 100 | _aপাটোয়ারী, ড. মমতাজউদ্দীন | ||
| 245 |
_aইতিহাস দ্বিতীয় পত্র একাদশ-দ্বাদশ শ্রেণী / _bড. মমতাজউদ্দীন পাটোয়ারী, জে. এম. বেলাল হোসেন সরকার, মো: রমজান আলী আকন্দ ।। |
||
| 260 |
_aঢাকা: _bহাসান বুক হাউস; _c২০১৯. |
||
| 300 |
_averies p. : _c24 cm. |
||
| 650 | _aHistory | ||
| 700 | _aসরকার, জে. এম. বেলাল হোসেন | ||
| 700 | _aআকন্দ, মো: রমজান আলী | ||
| 942 |
_2ddc _cBK _02 |
||